000 01096 a2200145 4500
003 Nust
005 20230208095904.0
040 _cNust
082 _a954.1,REP
245 _aReoprt of the Constitution Commission Pakistan /
_cConstitution Commission Of Pakistan
300 _a177:p
505 _aIntroductory (Page-1), Causes of the Failure the Parliamentary From of Government (Page-5), From of Government Parliamentary or Presidential (Page-19), From of Government – Unitary or Federal (Page-32), Legislature – Unicameral or Bicameral (Page-45), Chocks and Balances (Page-52), The Electorate (Page-64), Provision Regarding the President and the Vice –President (Page-82), The Judiciary (Page-87), Fundamental Rights and Directive Principles (Page-101), Services (Page-106), Preamble and Islamic Provisions (Page-114), The Amendment of the Constitution (Page-127), Indemnity Provision (Page-129), Miscellaneous (Page-131), Temporary and Transitional Provision (Page-134), Conclusion (Page-138). 
650 _aConstitution Commission Pakistan
_9108720
942 _2ddc
_cBK
_k954.1,REP
999 _c187469
_d187469